MARC

LEADER 00000nam0a2200000 4500
001 220060
005 20231031195321.0
035 |a (RuTPU)RU\TPU\book\240171 
090 |a 220060 
100 |a 20120809d1989 k y0rusy50 ca 
101 0 |a rus 
102 |a RU 
105 |a ab z 001zy 
200 1 |a Изучение и оценка ресурсов минеральных, термальных и промышленных вод  |e сборник научных трудов  |f Всесоюзный научно-исследовательский институт гидрогеологии и инженерной геологии (ВСЕГИНГЕО) ; под ред. Л. В. Боревского, Р. И. Плотниковой 
210 |a Москва  |c ВСЕГИНГЕО  |d 1989 
215 |a 139 с.  |c ил. 
320 |a Библиография в конце статей 
610 1 |a геология 
610 1 |a полезные ископаемые 
610 1 |a минеральные виды 
610 1 |a термальные воды 
610 1 |a промышленные воды 
610 1 |a тепловые аномалии 
610 1 |a углекислые воды 
610 1 |a изучение 
610 1 |a оценка 
675 |a 553.7  |v 3 
702 1 |a Боревский  |b Л. В.  |4 340 
702 1 |a Плотникова  |b Р. И.  |4 340 
712 0 2 |a Всесоюзный научно-исследовательский институт гидрогеологии и инженерной геологии (ВСЕГИНГЕО)  |c (пос. Зеленый, Московская область)  |2 stltpush  |3 (RuTPU)RU\TPU\col\2061 
801 1 |a RU  |b 63413507  |c 20120809 
801 2 |a RU  |b 63413507  |c 20121031  |g RCR 
942 |c BK